Countries Bordering Adriatic Sea - Map Quiz - Statistics

General Stats
  • This quiz has been taken 1,007 times
  • The average score is 6 of 6
Answers on the Map
Answers color-coded by a green-red scale on the quiz's map according to % correct below.
 
Answer Stats
Answer % Correct
Italy
99%
Croatia
98%
Bosnia and Herzegovina
97%
Albania
96%
Slovenia
96%
Montenegro
94%
No matching quizzes found
Score Distribution
Percent of People with Each Score
Percentile by Number Answered
Your Score History
You have not taken this quiz